00550 2200193 4500245010200000020002200102250001000124100001900134700002000153700001800173650002200191650001000213005001900223260006500242041001400307084000800321300001800329336000900347 aPELAJARAN PENTING DARI SULTAN SYARIF KASIM II (PAHLAWAN NASIONAL DARI RIAU)cMarhalim ZainihText a978-602-437-321-4 acet.1 aMarhalim Zaini aMuhammad Jaruki aSobirin Zaini aPahlawan Nasional aEbook a20241107112446 aJakarta TimurbBadan Pengembangan dan Pembinaan Bahasac2018 aIndonesia a920 avi :c38 hlm. atext